Statistics for Only The Poets - Over & Over (Lyrics)

Click here to take the quiz!

General Stats

  • This quiz has been taken 15 times
  • The average score is 263 of 275

Answer Stats

Answer% Correct
a
100%
all
100%
and
100%
another
100%
care
100%
'Cause
100%
change
100%
'Cause
100%
I'm
100%
it's
100%
do
100%
don't
100%
drive
100%
eye
100%
for
100%
go
100%
I
100%
if
100%
I'm
100%
it
100%
it's
100%
late
100%
long
100%
matter
100%
me
100%
mind
100%
night
100%
night,
100%
nights
100%
No,
100%
No
100%
not
100%
of
100%
Over
100%
over
100%
ready
100%
reason
100%
red
100%
sick
100%
so
100%
So
100%
sunrise
100%
the
100%
through
100%
tired
100%
to
100%
what
100%
why
100%
you
100%
your
100%
you're
100%
alone
86%
always
86%
are
86%
around
86%
As
86%
away
86%
be
86%
body
86%
but
86%
can't
86%
chasing
86%
come
86%
can't
86%
down
86%
fade
86%
feel
86%
from
86%
get
86%
Give
86%
goodbye
86%
help
86%
how
86%
hurt
86%
I'll
86%
in
86%
keep
86%
know
86%
lonely
86%
look,
86%
looking
86%
My
86%
my
86%
out
86%
racing
86%
right
86%
say
86%
Scared
86%
sleepless
86%
stand
86%
starting
86%
starts
86%
that
86%
think
86%
thinking
86%
thoughts
86%
wanna
86%
we
86%
Will
86%
wear
14%

Score Distribution

Percentile by Number Answered

Percent of People with Each Score

Your Score History

You have not taken this quiz